000 00503nam a2200169 i 4500
001 57242
003 ES-MaACL
005 20230906163536.0
007 t|
008 031015s1977 sp ||||1| spa d
100 1 _aDiximier, Jacques.
_944900
245 1 0 _aMatemáticas generales II /
_cJacques Dixmier ; traducción de Milagros Ancochea.
260 _a[Madrid] :
_bAguilar,
_c[1977]
300 _aXV, 520 p. ;
_c22 cm.
700 1 _aAncochea, Milagros.
_921410
852 _aES-MaACL
_jL-1977
_bR.103180
999 _c57242
_d57242